| 000 | 00929nam a22002537a 4500 | ||
|---|---|---|---|
| 999 |
_c63576 _d63576 |
||
| 005 | 20240530110648.0 | ||
| 008 | 171025s2016 ua g b 000 0 ara d | ||
| 017 |
_a2015/14389 _bمصر. دار الكتب |
||
| 020 | _a9789773506650 | ||
| 040 |
_aEG-CaGPL _cEG-CaGPL |
||
| 082 | 0 | 4 |
_221 _a370.118 / _bف ت |
| 100 | 0 | _aفتحى عبدالرسول | |
| 245 | 1 | 2 |
_aالتربية الابداعية ووسائل تحقيقها / _cفتحى عبدالرسول |
| 250 | _aط. 1 | ||
| 260 |
_aالقاهرة : _bدار الكتاب الحديث ، _c2016. |
||
| 300 |
_a342 ص. ؛ _c24 سم. |
||
| 504 | _aشتمل على ارجاعات ببليوجرافية | ||
| 650 | 0 | 7 |
_2qrmak _aالابداع |
| 650 | 0 | 7 |
_2qrmak _aالتعليم _xمناهج |
| 650 | 0 | 7 |
_2qrmak _aالتخطيط التربوى |
| 650 | 0 | 7 |
_2qrmak _aالوسائل التعليمية |
| 942 |
_2ddc _cBK |
||